LEADER 00839nam a2200181 i 4500 001 000000256794 003 CaOOAMICUS 005 20180109000000.0 008 180109s1802 it u000 u ita u 013 $a235702 026 $aleno tir- 9.r. (4(3 (3) 1802 (A) 040 $aSeMil$bita 245 10$aTomo 2. 300 $aIX, [1], 516 p., VII-VIII carte di tav. ripieg. :$bill. calcogr. 773 0 $aFumagalli, Angelo <1728-1804>$tDelle istituzioni diplomatiche di Angelo Fumagalli già abate di S. Ambrogio e presidente dei Cisterciesi. Tomo 1. [-2.].$dMilano : Dalla Stamperia e Fonderia al Genio Tipografico casa Crivelli presso il ponte di S. Marco, n. 1997, 1802.$g2$w()33806 850 $aSeMil 852 $aSeMil$W1$xVenegono$y1$m3T III 5 FA$j207140$B207140$CSeMilBibl$Z2$F220651 $8I 996 $6245$aTomo 2$9(OLS)http://semarc/title/49331 LEADER 00555nab a2200145 i 4500 001 000000276982 003 CaOOAMICUS 005 20120402000000.0 008 120402n xx uu u0 0und r 013 $a27100 040 $aSeMil$bita 245 10$aTracce della risurrezione. - 16 p. - Titolo principale dalla prima pagina. 500 $a1-8 aprile 2012. 773 0 $t[2012 : Gennaio-Giugno].$dBologna : Centro Editoriale Dehoniano, 2012.$w()209964 996 $6245$aTracce della risurrezione. - 16 p. - Titolo principale dalla prima pagina.$9(OLS)http://semarc/title/362091